| 000 | 00572nam a2200241Ia 4500 | ||
|---|---|---|---|
| 003 | OSt | ||
| 005 | 20221006165008.0 | ||
| 006 | a|||||r|||| 00| 0 | ||
| 007 | ta | ||
| 008 | 221006b |||||||| |||| 00| 0 eng d | ||
| 024 | _a2,374 | ||
| 037 | _cTextual | ||
| 040 |
_aFML _cFML _beng |
||
| 041 |
_2eng _aeng |
||
| 082 | _aQ1x, K1 | ||
| 100 | _aRenou Louis Ed. | ||
| 245 | 0 | _aHinduism | |
| 250 | _a- | ||
| 260 |
_aLondon _bPrentice Hall _c1961 |
||
| 300 |
_a255 _ccm. |
||
| 942 |
_hQ1x, K1 _cTEXL _2CC |
||
| 999 |
_c1119215 _d1119215 |
||